Under western eyes / (Record no. 20611)
[ view plain ]
| 000 -LEADER | |
|---|---|
| fixed length control field | 00783nam a2200265 a 4500 |
| 001 - CONTROL NUMBER | |
| control field | 20611 |
| 003 - CONTROL NUMBER IDENTIFIER | |
| rucl marc code | BD-RjUL |
| 005 - DATE AND TIME OF LATEST TRANSACTION | |
| control field | 20240324151120.0 |
| 008 - FIXED-LENGTH DATA ELEMENTS--GENERAL INFORMATION | |
| fixed length control field | 140301r19631947enk b 000 1 eng d |
| 020 ## - INTERNATIONAL STANDARD BOOK NUMBER | |
| International Standard Book Number | 0460034669 |
| 035 ## - SYSTEM CONTROL NUMBER | |
| System control number | (BD-RjUL)20611 |
| 040 ## - CATALOGING SOURCE | |
| Original cataloging agency | UPC |
| Transcribing agency | UPC |
| Modifying agency | BD-RjUL |
| Language of cataloging | eng |
| 041 ## - LANGUAGE CODE | |
| Language code of text/sound track or separate title | eng |
| 082 04 - DEWEY DECIMAL CLASSIFICATION NUMBER | |
| Edition number | 23 |
| Classification number | 823.92 |
| Author mark and year | COU 1963 |
| 100 1# - MAIN ENTRY--PERSONAL NAME | |
| Personal name | Conrad, Joseph |
| Dates associated with a name | 1857-1924. |
| 9 (RLIN) | 63600 |
| 245 10 - TITLE STATEMENT | |
| Title | Under western eyes / |
| Statement of responsibility, etc. | Joseph Conrad. |
| 250 ## - EDITION STATEMENT | |
| Edition statement | Present Collected ed. |
| 260 ## - PUBLICATION, DISTRIBUTION, ETC. (IMPRINT) | |
| Place of publication, distribution, etc. | London : |
| Name of publisher, distributor, etc. | J. M. Dent, |
| Date of publication, distribution, etc. | 1947 [reprinted 1955,1963]. |
| 300 ## - PHYSICAL DESCRIPTION | |
| Pagination | x, 382 p. ; |
| Size | 19 cm. |
| 490 ## - SERIES STATEMENT | |
| Series statement | Collected edition of the works of Jospeh Conrad. |
| 500 ## - GENERAL NOTE | |
| General note | First published, 1911 |
| 504 ## - BIBLIOGRAPHY, ETC. NOTE | |
| Bibliography, etc | Include bibliography. |
| 650 ## - SUBJECT ADDED ENTRY--TOPICAL TERM | |
| Topical term or geographic name as entry element | Terrorism -- Fiction. |
| 9 (RLIN) | 63601 |
| 942 ## - ADDED ENTRY ELEMENTS (KOHA) | |
| Source of classification or shelving scheme | Dewey Decimal Classification |
| Koha item type | Books |
| Lost status | Source of classification or shelving scheme | Damaged status | Not for loan | Collection code | Permanent Location | Current Location | Shelving location | Date acquired | Source of acquisition | Cost, normal purchase price | Full call number | Date last seen | Copy number | Koha item type | Total Checkouts |
|---|---|---|---|---|---|---|---|---|---|---|---|---|---|---|---|
| Dewey Decimal Classification | Not For Loan | Fiction | Central Library, University of Rajshahi | Central Library, University of Rajshahi | Reading Room | 06/08/1956 | B. H. Bluckwell | 8.60 | 823.92 COU 1955 | 01/03/2014 | C-1 | Books | |||
| Dewey Decimal Classification | Fiction | Central Library, University of Rajshahi | Central Library, University of Rajshahi | General Stacks | 14/03/1964 | Zeitlinger | 12.60 | 823.92 COU 1963 | 17/12/2024 | C-2 | Books |